Advances in emerging financial technology and digital money / (Record no. 51808)
[ view plain ]
| 000 -LEADER | |
|---|---|
| fixed length control field | 00667nam a2200241Ia 4500 |
| 005 - DATE AND TIME OF LATEST TRANSACTION | |
| control field | 20260429112009.0 |
| 008 - FIXED-LENGTH DATA ELEMENTS--GENERAL INFORMATION | |
| fixed length control field | 260429s9999||||xx |||||||||||||| ||und|| |
| 020 ## - INTERNATIONAL STANDARD BOOK NUMBER | |
| International Standard Book Number | 9781032667447 |
| 041 ## - LANGUAGE CODE | |
| Language | English |
| 082 ## - DEWEY DECIMAL CLASSIFICATION NUMBER | |
| Classification number | 332.17 |
| Item number | MAL |
| 100 ## - MAIN ENTRY--PERSONAL NAME | |
| Personal name | Maleh, Yassine |
| 245 #0 - TITLE STATEMENT | |
| Title | Advances in emerging financial technology and digital money / |
| Statement of responsibility, etc | Yassine Maleh |
| 250 ## - EDITION STATEMENT | |
| Edition statement | 1st ed. |
| 260 ## - PUBLICATION, DISTRIBUTION, ETC. (IMPRINT) | |
| Place of publication, distribution, etc | Boca Raton : |
| Name of publisher, distributor, etc | CRC Press, |
| Date of publication, distribution, etc | 2024. |
| 300 ## - PHYSICAL DESCRIPTION | |
| Extent | xv, 392 p.; hb |
| 650 ## - SUBJECT ADDED ENTRY--TOPICAL TERM | |
| Topical term or geographic name as entry element | Banking technology |
| 650 ## - SUBJECT ADDED ENTRY--TOPICAL TERM | |
| Topical term or geographic name as entry element | Digital currency |
| 650 ## - SUBJECT ADDED ENTRY--TOPICAL TERM | |
| Topical term or geographic name as entry element | FinTech |
| 650 ## - SUBJECT ADDED ENTRY--TOPICAL TERM | |
| Topical term or geographic name as entry element | Financial technology |
| 700 ## - ADDED ENTRY--PERSONAL NAME | |
| Personal name | Hansali, Abderrahim |
| 700 ## - ADDED ENTRY--PERSONAL NAME | |
| Personal name | Zhang, Justin |
| 942 ## - ADDED ENTRY ELEMENTS (KOHA) | |
| Koha item type | Text Books |
| Withdrawn status | Lost status | Damaged status | Not for loan | Collection code | Home library | Location | Shelving location | Date of Cataloging | Source of acquisition | Total Checkouts | Full call number | Barcode | Date last seen | Price effective from | Koha item type |
|---|---|---|---|---|---|---|---|---|---|---|---|---|---|---|---|
| Non-fiction | CUTN Central Library | CUTN Central Library | Social Sciences | 29/04/2026 | SansRack Publishing Solutions, Chennai - Invoice No. S131/25-26 on 11-02-2026 | 332.17 MAL | 56847 | 29/04/2026 | 29/04/2026 | Text Books |
